Statistiques concernant Villes du Monde de A à Z

Cliquez ici pour prendre le quiz!

Statistiques générales

  • Ce quiz a été pris 27 237 fois
  • Le résultat moyen est 11 sur 26

Statistiques - réponses

LettreIndicesVille% Correct
BLe Manneken Pis en est l'un des endroits les plus visitésBruxelles
80%
VVille célèbre pour ses gondoles et son balVenise
74%
DLe président américain J.F Kennedy a été assassiné iciDallas
72%
FLes Médicis furent maîtres de cette villeFlorence
66%
CLa petite sirène garde le port de cette villeCopenhague
60%
SLieu de l'assassinat de l'Archiduc François-FerdinandSarajevo
60%
OLa deuxième plus grande agglomération d'AlgérieOran
55%
WElle est la capitale la plus au Sud du mondeWellington
55%
GLa reprise de cette ville marque la fin de la ReconquistaGrenade
54%
ZPlus grande ville du pays des montresZurich
51%
AVille du Moyen-Orient célèbre pour ses savons, aujourd'hui ravagée par la guerreAlep
49%
YUne grande conférence y eu lieu pour régler le sort de l'Europe en 1945Yalta
45%
ILa ville qui compte le plus de sites historiques au mondeIstanbul
36%
MCapitale de l'Ancien Empire d'Égypte et du bluesMemphis
33%
NAnciennement appelée Nouvelle-AngoulêmeNew-York
33%
QFondée par le Français Samuel de Champlain en 1608Québec
32%
RVille la "plus verte au monde", située entre deux fjordsReykjavik
31%
ECette capitale d'Asie commence par un Y en anglaisErevan
29%
HVille du « Un pays, deux systèmes », son nom signifie "port parfumé"Hong-Kong
27%
JPlus grande métropole de l'état de FlorideJacksonville
26%
KVille du Pakistan abritant le plus gros bidonville au mondeKarachi
26%
LElle a été ravagée par un énorme séisme en 1755Lisbonne
23%
XVille berceau de la civilisation chinoise célèbre pour son armée de terre cuiteXi'an
22%
POn l'appelle "la ville aux cent clochers" ou "la mère des villes"Prague
19%
TAncien nom de Mexico, capitale de l'Empire AztèqueTenochtitlan
17%
UCapitale de la région autonome ouïgoure du XinjiangÜrümqi
8%

Distribution des résultats

Percentile par nombre de réponses

% des personnes avec chaque résultat

Votre développement - résultats

Vous n’avez pas pris ce quiz